| 000 | 01580nam a2200385 a 4500 | ||
|---|---|---|---|
| 005 | 20240508104833.0 | ||
| 008 | 100809s2011||||sp il. f |||| 001 0 spa d | ||
| 020 | _a9788480868198 | ||
| 041 | _aspa | ||
| 092 |
_c612 _l31 _sGUY |
||
| 100 | 1 |
_aHall, John E. _941 |
|
| 245 |
_aGuyton y Hall. _bTratado de Fisiología Médica / _cJohn E. Hall |
||
| 250 |
_a12 ed. versión en español de la obra original en inglés _bRevisión Bartolomé Bonet Serra |
||
| 260 |
_aBarcelona: _bElsevier ; Saunders; _c2011. |
||
| 300 |
_a1092 p. _bil. |
||
| 500 | _aHall, J. E. (2011). Guyton y Hall. Tratado de fisiología médica. (12a ed.). Barcelona : Elsevier ; Saunders. | ||
| 590 | _aCompra FACIMED, Junio 2011 | ||
| 653 | _aIntroducción a la fisiología: célula y fisiología general | ||
| 653 | _aFisiología de la membrana, el nervio y el músculo | ||
| 653 | _aCorazón | ||
| 653 | _aCirculación | ||
| 653 | _aLiquídos corporales y los riñones | ||
| 653 | _aCélulas sanguíneas, inmunidad y coagulación sanguínea | ||
| 653 | _aRespiración | ||
| 653 | _aFisiología de la aviación, el espacio y el buceo en profundidad | ||
| 653 | _aSistema nervioso: principios generales y fisiología de la sensibilidad | ||
| 653 | _aSistema nervioso: sentidos especiales | ||
| 653 | _aSistema nervioso: neurofisiología motora e integradora | ||
| 653 | _aFisiología gastrointestinal | ||
| 653 | _aMetabolismo y regulación de la temperatura | ||
| 653 | _aEndocrinología y reproducción | ||
| 653 | _aFisiología deportiva | ||
| 930 | _a2375 | ||
| 942 |
_2ddc _cBK _03 |
||
| 999 |
_c842 _d842 |
||